Art of leadership (Record no. 445983)

000 -LEADER
fixed length control field 00303cam a22001097a 4500
008 - FIXED-LENGTH DATA ELEMENTS--GENERAL INFORMATION
fixed length control field 180718bNew Delhi xxu||||| |||| 00| 0 eng d
020 ## - INTERNATIONAL STANDARD BOOK NUMBER
International Standard Book Number 9789351119173
100 ## - MAIN ENTRY--PERSONAL NAME
Personal name Sharma, C.H.
245 ## - TITLE STATEMENT
Title Art of leadership
Statement of responsibility, etc. by C.H. Sharma
260 ## - PUBLICATION, DISTRIBUTION, ETC.
Place of publication, distribution, etc. New Delhi
Name of publisher, distributor, etc. Random publications
Date of publication, distribution, etc. New Delhi
300 ## - PHYSICAL DESCRIPTION
Extent 296p.
Holdings
Withdrawn status Lost status Damaged status Not for loan Permanent Location Current Location Date acquired Full call number Barcode Date last seen Price effective from Koha item type
        Indian Institute of Public Administration Indian Institute of Public Administration 2018-02-28 I51 Sh64a 87352 2018-07-21 2018-07-21 Book

Powered by Koha